000 00232nam a22001217a 4500
003 SGT
082 _a342.0954
_bGOI
100 _aGOI
245 _aBHARAT KA SAMVIDHAN
260 _aNEW DELHI
_bGOI
300 _a262
942 _2ddc
_cBK
999 _c24229
_d24229